000 00348 a2200169 4500
001 171258
020 _a85-16-00808-8
040 _cMagnum
100 _aKupstas, Marcia
240 1 0 _aA segunda morte
_lpor
245 1 0 _aA segunda morte
300 _a78
362 0 _a1996
440 1 _aModerna
697 _aLITERATURA JUVENIL
942 _cBK
999 _c171258
_d171258